| 000 | 01791nam a22001577a 4500 | ||
|---|---|---|---|
| 041 | _aukr | ||
| 080 | _a09 | ||
| 090 | _bПЕТ | ||
| 100 | _aПетрищук І. І. | ||
| 245 | _aКонцепт ворога у міфологічній картині світу за трилогією Дж.Р.Р.Толкієна "Володар Кілець" | ||
| 260 |
_aОстрог _bКАФ _c2004 |
||
| 300 | _a40 | ||
| 520 |
_aРозділ 1. Особливості художньої літератури жанру фентезі.
1.1. Стиль фентезі, як окремий стиль художньої літератури.
1.2. Стилістичні особливості літератури стилю фентезі.
1.3. Лексичні особливості стилю фентезі.
Розділ 2. Міфологічна картина світу Середземелля.
2.1. Лінгвістичні засоби вираження міфологічної картини світу.
2.1.1. Використання метафор у трилогії Дж.Р.Р.Толкієна.
2.1.2. Використання метонімії (антропонімів) у трилогії Дж.Р.Р.Толкієна.
2.2. Лінгвістична та концептуальна картина світу Середземелля.
Розділ 3. Лексико-семантичне значення концепту ворог в трилогії Толкієна "Володар кілець".
3.1. Семантичне групування лексики.
3.2. Групування лксики у трилогії Дж.Р.Р.Толкієна "Володар кілець". _0Стиль, особливість, фентезі. |
||
| 650 | _aResearch Papers | ||
| 999 |
_c282599 _d282599 |
||
| 942 | _cBK | ||